| 000 | 00626nam a2200217Ia 4500 | ||
|---|---|---|---|
| 003 | OSt | ||
| 005 | 20260305154701.0 | ||
| 008 | 210210b1913 xxu||||| |||| 00| 0 eng d | ||
| 040 | _cAL | ||
| 041 | _aHindi | ||
| 082 | _a863/109 | ||
| 100 |
_aKalidasa _dकालिदास _9257862 |
||
| 245 |
_aMalavikagni mitra _bमालविकाग्निमित्रम् |
||
| 260 |
_aPrAyAg _b- _c1913 |
||
| 650 |
_amitra _9257863 |
||
| 650 |
_aMalavikagni _9257864 |
||
| 690 |
_aHindi Drama _9257865 |
||
| 700 |
_aLALA (Sitaram) _dलाला (सीताराम) tr _9257866 |
||
| 906 | _a023486 | ||
| 942 |
_2ddc _cBK |
||
| 999 |
_c148456 _d148456 |
||